000 00681nas a2200241 4500
001 BR7306934
003 BR-BrBNA
005 20231205100251.0
007 ta
008 230509b bl.|||p| |||| 00| 00por d
040 _aBR-BrBNA
_bpor
_cBiblioteca Nacional de Agricultura
041 _a(Pt)
072 _aL10; L40
100 1 _aAnon.
245 1 _aIodo influi sobre reproducao e crescimento do gado
650 _aReproducao Animal
650 _aGado
650 _aCrescimento
650 _aIodo
773 0 _tAgricultura e Pecuaria (Brazil)
_xISSN 0100-249X
_g(Jun 1975, (no. 600) p. 22-23
_wBR7306934
909 _a202311
_bLúcia
_c55
_dLúcia Elande
942 _2AGRIS
_n0
_cANA
999 _c155042
_d155042